شرح رياض الصالحين / (رقم التسجيلة. 114606)

تفاصيل مارك
000 -LEADER
fixed length control field 00653nam a22002057a 4500
005 - DATE AND TIME OF LATEST TRANSACTION
control field 20251108174644.0
008 - FIXED-LENGTH DATA ELEMENTS--GENERAL INFORMATION
fixed length control field 250721s2005 xx 000 0 ara d
020 ## - INTERNATIONAL STANDARD BOOK NUMBER
International Standard Book Number 9773441113
082 14 - DEWEY DECIMAL CLASSIFICATION NUMBER
Classification number م/213/نوو
100 1# - MAIN ENTRY--PERSONAL NAME
Personal name النووي، يحيى بن شرف
Relator term مؤلف
245 10 - TITLE STATEMENT
Title شرح رياض الصالحين /
264 1# - PRODUCTION, PUBLICATION, DISTRIBUTION, MANUFACTURE, AND COPYRIGHT NOTICE
Place of production, publication, distribution, manufacture القاهرة :
Name of producer, publisher, distributor, manufacturer دار الآفاق العربية،
Date of production, publication, distribution, manufacture, or copyright notice 2005.
300 ## - PHYSICAL DESCRIPTION
Extent 4.ج.
650 17 - SUBJECT ADDED ENTRY--TOPICAL TERM
Topical term or geographic name as entry element الحديث الشريف
650 17 - SUBJECT ADDED ENTRY--TOPICAL TERM
Topical term or geographic name as entry element جوامع الحديث
700 1# - ADDED ENTRY--PERSONAL NAME
Personal name العثيميين، محمد بن صالح
700 1# - ADDED ENTRY--PERSONAL NAME
Personal name الهاشمي، عبد الرحمن
942 ## - ADDED ENTRY ELEMENTS (KOHA)
Source of classification or shelving scheme Dewey Decimal Classification
Koha item type مراجع
المقتنيات
حالة السحب حالة الفقدان مصدر التصنيف حالة التلف غير قابل للإعارة المكتبة الرئيسية المكتبة الحالية موقع الرف تاريخ التزويد الرقم المتسلسل Total Checkouts رقم الإستدعاء الباركود تاريخ آخر ظهور تاريخ الفاتورة نوع المادة (كوها)
    Dewey Decimal Classification   Not For Loan المكتبة المركزية المكتبة المركزية مراجع 28/07/2025 ج 1294674   م/213/نوو   28/07/2025 28/07/2025 مراجع
    Dewey Decimal Classification   Not For Loan مكتبة حمزة العامة مكتبة حمزة العامة مراجع 27/10/2008 1240631   م/213/نوو PLD00047036 28/07/2025 27/10/2008 مراجع
    Dewey Decimal Classification   Not For Loan مكتبة حمزة العامة مكتبة حمزة العامة مراجع 27/10/2008 1240636   م/213/نوو PLD00047041 28/07/2025 27/10/2008 مراجع
    Dewey Decimal Classification   Not For Loan مكتبة حمزة العامة مكتبة حمزة العامة مراجع 27/10/2008 1240641   م/213/نوو PLD00047046 28/07/2025 27/10/2008 مراجع
    Dewey Decimal Classification   Not For Loan مكتبة حمزة العامة مكتبة حمزة العامة مراجع 27/10/2008 1240646   م/213/نوو PLD00047051 28/07/2025 27/10/2008 مراجع
    Dewey Decimal Classification   Not For Loan مكتبة حمزة العامة مكتبة حمزة العامة مراجع 09/11/2015 [62698].   م/213/نوو PLD00363063 28/07/2025 09/11/2015 مراجع
    Dewey Decimal Classification   Not For Loan مكتبة صويلح العامة مكتبة صويلح العامة مراجع 16/09/2019 03607   م/213/نوو PLD00467622 28/07/2025 16/09/2019 مراجع
    Dewey Decimal Classification   Not For Loan مكتبة صويلح العامة مكتبة صويلح العامة مراجع 16/09/2019 014190   م/213/نوو PLD00467623 28/07/2025 16/09/2019 مراجع
Implemented & Customized by: BBB with SCIT (Smart Chains for Information Technology)

Powered by Koha